| 000 | 02864nam0a22005291 4500 | ||
|---|---|---|---|
| 001 | RU\NLR\A1\22447 | ||
| 005 | 20251203152403.2 | ||
| 035 | _a(NLR Aleph) 009676908 | ||
| 090 |
_a13475032 _c13475032 |
||
| 100 | _a19980910d1784 u y0rusy50 ca | ||
| 101 | 0 | _arus | |
| 102 | _aRU | ||
| 135 | _acrmn mmmanaba | ||
| 200 | 1 |
_aПроповедь о Христе спасителе в Китайском царстве, _eИзображенная китайским писмом в 781 году по рождестве Христове на камне _fПеревел с снятой с камня китайской копии, которая хранится в Библиотеке Императорской Академии наук, Коллегии иностраных дел канцелярии советник Алексей Леонтиев |
|
| 210 |
_aСПб. _cПри Имп. Акад. наук _d1784 |
||
| 215 |
_a10 с. _d4° |
||
| 305 | _aВходит также в кн.: Бильфингер Г.Б. Опыт древней китайцов философии... СПб., 1794. С.337-348. | ||
| 306 | _aНапеч. на счет Кабинета е. и. в. | ||
| 310 | _aТираж 600 экз. | ||
| 321 | 1 | _aСК XVIII 5720 | |
| 325 | 1 | _aКопия доступна в электронной библиотеке РНБ | |
| 620 | _dСанкт-Петербург | ||
| 702 | 1 |
_aЛеонтьев _bА.Л. _f1716-1786 _gАлексей Леонтьевич _4730 |
|
| 702 | 1 |
_6z01702 _aБильфингер _bГ.Б. _f1693-1750 _gГеорг Бернгард _4570 |
|
| 702 | 1 |
_6z01702 _aBilfinger _bG.B. _gGeorg Bernhard |
|
| 702 | 1 |
_aДержавин _bГ.Р. _f1743-1816 _gГаврила Романович _4390 |
|
| 801 | 0 |
_aRU _bNLR _c19980910 |
|
| 852 |
_aNLR _j18.111.2.205 |
||
| 852 |
_aNLR _bОР _jФ.247 (Державин Г.Р.). Т.32. 2 |
||
| 856 | 0 | _uhttp://vivaldi.nlr.ru/bx000074339/view | |
| 856 | 1 | _uhttp://vivaldi.nlr.ru/bx000074339/cover | |
| 856 | 2 | _uhttp://vivaldi.nlr.ru/bx000074339/text | |
| 899 | _aРГБ | ||
| 899 | _aМГУ | ||
| 899 | _aГПИБ | ||
| 899 | _aКИАХМ | ||
| 899 | _aБАН | ||
| 901 | _eКнижные издания | ||
| 942 | _cBOOK | ||
| 980 | _aA1XVIIIv | ||
| 980 | _aNB | ||
| 981 | 2 | 2 |
_a(22) Материалы по истории России _b(22) Религиозные конфессии |
| 981 | 2 | 2 |
_a(22) Материалы по истории России _b(22) История России до 25 октября (7 ноября) 1917 года |
| 981 | 2 | 2 |
_a(22) Материалы по истории России _b(22) Вспомогательные исторические дисциплины |
| 981 | 2 | 0 | _a(20) Книжные памятники РНБ |